00741 2200241 4500001002100000005001700021008004100038020001800079035002400097041000800121043001200129090002300141100001900164245011500183260002700298300003000325500002700355650004200382700002200424700002000446850001200466999002100478YOGYA-0209000004597020090227031039.0 ind  a979-763-125-7 0010-020900000045970 aInd aYOPDYOG aDep 420.076bPra T aPRAMONO, Handi a30 menit pandai berbahasa Inggrisbuntuk SMA/MA kelas x-xiicHandi Pramono, Peni R. Pramono & Susana Setyarini aYogyakartabAndic2006 axii, 180 hlmbilusc21 cm aBibliografi : hlm. 175 aBahasa Inggris - Studi dan pengajaran aSetyarini, Susana aPramono, Peni R aYOPDYOG a2006-035hCB-D.11